Materials Scie nce for Dentistry / (رقم التسجيلة. 77192)
[ عرض عادي ]
| 000 -الفاتح | |
|---|---|
| حقل البيانات ثابتة الطول | 00971cam a2200301 a 4500 |
| 001 - رقم الضبط | |
| رقم الضبط | 17515961 |
| 003 - محدد رقم الضبط | |
| رقم الضبط | OSt |
| 005 - وقت وتاريخ اخر تعامل مع التسجيلة | |
| رقم الضبط | 20190821110051.0 |
| 008 - عناصر البيانات ثابتة الطول - معلومات عامة | |
| حقل البيانات ثابتة الطول | 121031s2018 maua b 001 0 eng |
| 020 ## - الرقم الدولى المعيارى للكتب | |
| الرقم الدولى المعيارى للكتاب | 9780081010358 |
| 020 ## - الرقم الدولى المعيارى للكتب | |
| الرقم الدولى المعيارى للكتاب | 1292040610 |
| 035 ## - رقم ضبط النظام | |
| رقم ضبط النظام | (DNLM)101594979 |
| 040 ## - مصدر الفهرسة | |
| وكالة الفهرسة الأصلية | DNLM/DLC |
| وكالة النسخ | DLC |
| وكالة التعديل | DLC |
| 050 00 - رقم طلب مكتبة الكونجرس | |
| رقم التصنيف | RK60.7 |
| رقم المادة | .H37 2014 |
| 060 10 - رقم الطلب بالمكتبة الطبية الوطنية | |
| رقم التصنيف | WU 113 |
| 082 00 - رقم تصنيف ديوى العشرى | |
| رقم التصنيف | 617.601 |
| رقم الطبعة | 23 |
| رقم المادة | DBM |
| 245 00 - بيان العنوان | |
| العنوان | Materials Scie nce for Dentistry / |
| بيان المسئوليه,etc | B. W. Darvell. |
| 250 ## - بيان الطبعة | |
| بيان الطبعة | 10th ed. |
| 260 ## - PUBLICATION, DISTRIBUTION, ETC. (IMPRINT) | |
| مكان الناشر او الموزع | Boston : |
| اسم الناشر او الموزع | Woodhead Publishing Series in Biomaterials / |
| تاريخ النشر أو التوزيع | 2018 |
| 300 ## - الوصف المادى | |
| التعداد | xxvi, 813 p. |
| تفاصيل ماديه اخرى للوعاء | : ill. (chiefly col.) ; |
| أبعاد الوعاء | 28 cm. |
| 504 ## - تبصرة ببليوجرافية | |
| تبصرة ببليوجرافية,الخ | Includes bibliographical references and index. |
| 650 12 - المدخل الاضافى بالموضوع-مصطلح موضوعى | |
| مصطلح موضوعي أو اسم جغرافي كعنصر مدخل | Preventive Dentistry |
| التقسيم الفرعي العام | methods. |
| 650 22 - المدخل الاضافى بالموضوع-مصطلح موضوعى | |
| مصطلح موضوعي أو اسم جغرافي كعنصر مدخل | Dental Plaque |
| التقسيم الفرعي العام | prevention & control. |
| 650 22 - المدخل الاضافى بالموضوع-مصطلح موضوعى | |
| مصطلح موضوعي أو اسم جغرافي كعنصر مدخل | Primary Prevention |
| التقسيم الفرعي العام | methods. |
| 952 ## - LOCATION AND ITEM INFORMATION (KOHA) | |
| نوع المادة فى نظام كوها | كتاب |
| 952 ## - LOCATION AND ITEM INFORMATION (KOHA) | |
| نوع المادة فى نظام كوها | كتاب |
| 952 ## - LOCATION AND ITEM INFORMATION (KOHA) | |
| نوع المادة فى نظام كوها | كتاب |
| 952 ## - LOCATION AND ITEM INFORMATION (KOHA) | |
| نوع المادة فى نظام كوها | كتاب |
| 952 ## - LOCATION AND ITEM INFORMATION (KOHA) | |
| نوع المادة فى نظام كوها | كتاب |
| 952 ## - LOCATION AND ITEM INFORMATION (KOHA) | |
| نوع المادة فى نظام كوها | كتاب |
| 952 ## - LOCATION AND ITEM INFORMATION (KOHA) | |
| نوع المادة فى نظام كوها | كتاب |
| 942 ## - | |
| -- | ddc |
| -- | BOOK |
| 906 ## - عنصر بيانات محلى F, LDF (RLIN) | |
| a | 7 |
| b | cbc |
| c | orignew |
| d | 1 |
| e | ecip |
| f | 20 |
| g | y-gencatlg |
| حالة الفقد | نموذج السعر الفعال | حالة تلف | ليس للاعارة | تاريخ الاكتساب | رقم الطلب | تاريخ الاكتساب | الموقع الحالي | الباركود | الفرع الرئيسي | Date last seen | مصدر التصنيف او خطة الترفيف | Total Checkouts |
|---|---|---|---|---|---|---|---|---|---|---|---|---|
| 2019-08-21 | 2019-08-21 | 617.601 DBM | 2019-08-21 | CL | 00157476 | المكتبة المركزية بالمجمعة (CL) | 2019-08-21 | Dewey Decimal Classification | ||||
| 2019-08-21 | 2019-08-21 | 617.601 DBM | 2019-08-21 | CL | 00157477 | المكتبة المركزية بالمجمعة (CL) | 2019-08-21 | Dewey Decimal Classification | ||||
| 2019-08-21 | 2019-08-21 | 617.601 DBM | 2019-08-21 | CL | 00157478 | المكتبة المركزية بالمجمعة (CL) | 2019-08-21 | Dewey Decimal Classification | ||||
| 2019-08-21 | 2019-08-21 | 617.601 DBM | 2019-08-21 | DZF | 00157479 | مكتبة كلية طب الأسنان الزلفي طالبات (DZF) | 2019-08-21 | Dewey Decimal Classification | ||||
| 2019-08-21 | 2019-08-21 | 617.601 DBM | 2019-08-21 | DZF | 00157480 | مكتبة كلية طب الأسنان الزلفي طالبات (DZF) | 2019-08-21 | Dewey Decimal Classification | ||||
| 2019-08-21 | 2019-08-21 | 617.601 DBM | 2019-08-21 | SZM | 00157481 | مكتبة مجمع الكليات بالزلفى - طلاب (SZM) | 2019-08-21 | Dewey Decimal Classification | ||||
| 2019-08-21 | 2019-08-21 | 617.601 DBM | 2019-08-21 | SZM | 00157482 | مكتبة مجمع الكليات بالزلفى - طلاب (SZM) | 2019-08-21 | Dewey Decimal Classification |
